| 000 | 00711nam a2200241Ia 4500 | ||
|---|---|---|---|
| 003 | OSt | ||
| 005 | 20250501093741.0 | ||
| 008 | 241129s9999||||xx |||||||||||||| ||und|| | ||
| 020 | _a9789383931729 | ||
| 040 |
_aSDCL _beng _cSDCL |
||
| 041 |
_ahin _2hin |
||
| 084 |
_a4 R1 _qSDCL |
||
| 100 | _aChaturvedi, Jagdishwar | ||
| 245 | 0 | _aJanmadhyam saidhyantiki model aur vichardhara | |
| 246 | _aजनमाध्यम सैध्दांतिकी मॉडल और विचारधारा | ||
| 260 |
_aDelhi : _bAcademic Publication, _c2021. |
||
| 300 | _a9,428p | ||
| 365 |
_aINR _b1495 |
||
| 650 | _aHindi | ||
| 700 | _aSingh, Sudha | ||
| 942 |
_cTEXL _2CC _n0 |
||
| 999 |
_c1231505 _d1231505 |
||